书目信息 |
| 题名: |
管理学
|
|
| 作者: | 李培煊 主编 | |
| 分册: | ||
| 出版信息: | 北京 中国铁道出版社 1999.10 |
|
| 页数: | 259页 | |
| 开本: | 16开 | |
| 丛书名: | ||
| 单 册: | ||
| 中图分类: | C93 | |
| 科图分类: | ||
| 主题词: | 管理学 | |
| 电子资源: | ||
| ISBN: | 7-113-03523-X | |
| 000 | 00518nam0 2200193 45 | |
| 001 | 0010110992 | |
| 005 | 20001011094603.1 | |
| 010 | @a7-113-03523-X@d23.30元 | |
| 100 | @a20001011d1999 km y0chiy0120 ea | |
| 101 | 0 | @achi |
| 105 | @a z 000yy | |
| 200 | 1 | @a管理学@AGuan Li Xue@f李培煊主编@FLi Pei Xuan Zhu Bian |
| 210 | @a北京@c中国铁道出版社@d1999.10 | |
| 215 | @a259页@d16开 | |
| 606 | 0 | @a管理学 |
| 690 | @aC93@v3 | |
| 701 | 0 | @a李培煊@4主编 |
| 801 | @aCN@bPftUser@c20001011 | |
| 905 | @b175041-043@dC93@eL895@f3 | |
| 管理学/李培煊主编.-北京:中国铁道出版社,1999.10 |
| 259页;16开 |
| ISBN 7-113-03523-X:23.30元 |
| ● |
| 相关链接 |
|
|
|
正题名:管理学
索取号:C93/L895
 
预约/预借
| 序号 | 登录号 | 条形码 | 馆藏地/架位号 | 状态 | 备注 |
| 1 | 175041 | 201750417 | 社科库509/509社科库 63排5列3层/ [索取号:C93/L895] | 在馆 | |
| 2 | 175042 | 201750426 | 社科库509/ [索取号:C93/L895] | 在馆 | |
| 3 | 175043 | 201750435 | 社科库509/509社科库 63排5列3层/ [索取号:C93/L895] | 在馆 |